000 01429nam0a22003491 4500
001 rc\3038149
005 20250806210628.0
035 _a(NLR Aleph) 007178592
090 _a21308
_c21308
100 _a20111005d1945 u y0rusy50 ca
101 0 _arus
102 _aRU
105 _aa z |||||
200 1 _aПервая любовь
_eрассказы
_fИ.С. Тургенев
_g[ил. Н.О. Витинг]
210 _aМосква
_aЛенинград
_cИзд-во и 2 типолитогр. Военмориздата
_d1945
_eЛенинград
215 _a194 с., 4 л. ил.
_cзаставки, ил.
_d14 см
225 1 _aБиблиотека краснофлотца
327 1 _aСодерж.: Первая любовь; Ермолай и мельничиха; Льгов; Муму
464 0 _12001#$aПервая любовь
464 0 _12001#$aЕрмолай и мельничиха
464 0 _12001#$aЛьгов
464 0 _12001#$aМуму
700 1 _aТургенев
_bИ. С.
_f1818-1883
_gИван Сергеевич
_3RU\NLR\AUTH\77102
_7ca
702 1 _aВитинг
_bН. И.
_f1910-1991
_gНиколай Иосифович
_4440
801 0 _aRU
_bNLR
_gpsbo
801 1 _aRU
_bELAR
_2rusmarc
801 2 _aRU
_bNLR
_c20151026
_2rusmarc
852 _aNLR
_jЛ30 Г-1/367
942 _cBOOK
945 _aРоссийская национальная библиотека
980 _aNB
980 _aBV